000 00264nam a2200109Ia 4500
008 190216s9999||||xx |||||||||||||| ||und||
100 _aA S Ramaswami
245 2 _aA Select Short Stories Of Today
260 _bNull
650 _aEnglish Short Stories
942 _cBK
999 _c11601
_d11601